00470nam a22001457a 450000500170000001000150001702000260003203500140005803700130007208200080008524500800009326000290017327000840020230000380028620170110133854.0 aENG-116952 a9789351437062c545.00 aEN-100484 bDBAD/PUB a000 aDhaara's Guide for CDS combined defence services :benterance examination / aGugaonbLexisNexisc2017 a14th Floor, Building No. 10, Tower-B, DLF Cyber city, Phase-II bGugaone122002 aVarious Pagings :billc24cm(pbk)